| 000 | 00903cam a22003013a 4500 | ||
|---|---|---|---|
| 001 | 14432 | ||
| 003 | PGUSA | ||
| 005 | 20140828083317.0 | ||
| 008 | 041223s2004||||xxu|||||s|||||000 1 eng d | ||
| 040 |
_aPGUSA _beng |
||
| 042 | _adc | ||
| 050 | 4 | _aPR | |
| 100 | 1 |
_aRunciman, James, _d1852-1891 |
|
| 245 | 1 | 2 |
_aA Dream of the North Sea _h[electronic resource] / _cJames Runciman |
| 260 |
_bProject Gutenberg, _c2004 |
||
| 506 | _aPublic domain in the USA. | ||
| 516 | _aElectronic text | ||
| 653 | _aNorth Sea -- Fiction | ||
| 653 | _aConduct of life -- Fiction | ||
| 653 | _aShipwrecks -- Fiction | ||
| 653 | _aFishers -- Great Britain -- Fiction | ||
| 653 | _aAdventure and adventurers -- Fiction | ||
| 653 | _aVoyages and travels -- Fiction | ||
| 653 | _aPhysicians -- Fiction | ||
| 830 | 0 |
_aProject Gutenberg _v14432 |
|
| 856 | 4 | 0 | _uhttp://www.gutenberg.org/ebooks/14432 |
| 942 | _cEB | ||
| 999 |
_c243687 _d243687 |
||